000 00290nam a22001337a 4500
008 170704b xxu||||| |||| 00| 0 eng d
020 _a0393953912
041 _aeng
080 _a82
100 _a22
101 _aGJL
245 _aLITERATURE BY WOMEN
_cGILBERT.S.M
942 _2udc
_cBK
999 _c19899
_d19899